NFL Pro Bowlers 2019 - Statistics

General Stats
  • This quiz has been taken 768 times
  • The average score is 24 of 86
Answer Stats
Position Player Conference % Correct
QB Patrick Mahomes II AFC
94%
QB Tom Brady AFC
89%
QB Drew Brees NFC
75%
QB Aaron Rodgers NFC
70%
FS Eddie Jackson NFC
63%
WR Julio Jones NFC
60%
CB Byron Jones NFC
59%
TE Travis Kelce AFC
58%
OT Tyron Smith NFC
57%
FS Harrison Smith NFC
56%
WR Antonio Brown AFC
53%
QB Philip Rivers AFC
52%
QB Jared Goff NFC
50%
WR Keenan Allen AFC
50%
WR Tyreek Hill AFC
49%
RB Ezekiel Elliott NFC
48%
WR Michael Thomas NFC
48%
RB Saquon Barkley NFC
46%
RB Todd Gurley II NFC
45%
DE J. J. Watt AFC
44%
WR Davante Adams NFC
42%
SS Jamal Adams AFC
42%
DT Aaron Donald NFC
41%
WR DeAndre Hopkins AFC
41%
TE George Kittle NFC
39%
C Alex Mack NFC
38%
OLB Khalil Mack NFC
38%
CB Jalen Ramsey AFC
34%
OT Trent Williams NFC
34%
OLB Von Miller AFC
34%
RB Melvin Gordon AFC
33%
OG Zack Martin NFC
32%
FB Anthony Sherman AFC
30%
CB Patrick Peterson NFC
28%
WR Adam Thielen NFC
27%
ILB Bobby Wagner NFC
27%
RB James Conner AFC
27%
TE Zach Ertz NFC
27%
DE Melvin Ingram AFC
26%
CB Stephon Gilmore AFC
25%
ILB Luke Kuechly NFC
24%
OG Quenton Nelson AFC
23%
DE Myles Garrett AFC
20%
DT Fletcher Cox NFC
19%
CB Xavien Howard AFC
19%
DT Cameron Heyward AFC
18%
FS Derwin James AFC
18%
C Maurkice Pouncey AFC
18%
C Mike Pouncey AFC
18%
RB Philip Lindsay AFC
18%
FB Kyle Juszczyk NFC
17%
DE Cameron Jordan NFC
16%
TE Eric Ebron AFC
16%
DT Geno Atkins AFC
16%
OLB Jadeveon Clowney AFC
15%
OG Marshal Yanda AFC
15%
DE Danielle Hunter NFC
14%
OG David DeCastro AFC
14%
DE DeMarcus Lawrence NFC
14%
CB Darius Slay NFC
13%
CB Kyle Fuller NFC
13%
OLB Anthony Barr NFC
12%
ILB C. J. Mosley AFC
11%
CB Denzel Ward AFC
11%
OLB Dee Ford AFC
10%
FS Eric Weddle AFC
10%
SS Landon Collins NFC
10%
RS Tarik Cohen NFC
10%
OT Terron Armstead NFC
10%
DT Akiem Hicks NFC
9%
OG Brandon Brooks NFC
9%
OT Taylor Lewan AFC
9%
OT Alejandro Villanueva AFC
8%
OT Eric Fisher AFC
8%
K Aldrick Rosas NFC
7%
RS Andre Roberts AFC
7%
DT Jurrell Casey AFC
7%
P Michael Dickson NFC
6%
P Brett Kern AFC
5%
K Jason Myers AFC
5%
C Max Unger NFC
5%
OLB Ray Kerrigan NFC
5%
ST Adrian Phillips AFC
4%
ILB Benardrick McKinney AFC
3%
ST Cory Littleton NFC
3%
OG Trai Turner NFC
2%
No matching quizzes found
Score Distribution
Percent of People with Each Score
Percentile by Number Answered
Your Score History
You have not taken this quiz